00930nam a22002297a 450000500170000000800400001702000180005705000200007510000190009524501890011425000110030326000570031430000220037149000370039350000730043050400270050365000390053065000310056970000400060070000320064070000280067220150225125636.0150225b ag||||| |||| 00| 0 spa d a978950126572904aJC311bB88 20091 aButler, Judith10a¿Quién le canta al estado-nación? :blenguaje, política, pertenencia /cJudith Butler, Gayatri Chakravorty Spivak ; traducción Fermín Rodríguez ; prólogo Eduardo Gruner. a1a ed. aBuenos Aires, Argentina :bEditorial Paidós,c2009 a145 p. ;c23 cm.0 aPaidós Espacio del Saber ;v72 aTraducción de : Who sings the Nation-State?, calcuta Seagull Books aIncluye bibliografía 4aEstado-naciónxEnsayo político 72LEMBaCiencias políticas1 aChakravorty Spivak, Gayatri,d1942-1 aRodríguez, Fermín,etr.1 aGruner, Eduardo,eprol.